Optical imaging and aberrations (Record no. 12673)

MARC details
000 -LEADER
fixed length control field 00597nam a2200181Ia 4500
003 - CONTROL NUMBER IDENTIFIER
control field IN-BaIIA
008 - FIXED-LENGTH DATA ELEMENTS--GENERAL INFORMATION
fixed length control field 211028s9999 xx 000 0 eng d
020 ## - INTERNATIONAL STANDARD BOOK NUMBER
International Standard Book Number 0-8194-2515-X
040 ## - CATALOGING SOURCE
Transcribing agency IIA Library
080 ## - UNIVERSAL DECIMAL CLASSIFICATION NUMBER
Universal Decimal Classification number 535.31
Item number MAH
100 ## - MAIN ENTRY--PERSONAL NAME
Personal name Mahajan, V.N
9 (RLIN) 22202
245 #0 - TITLE STATEMENT
Title Optical imaging and aberrations
Remainder of title pt. 1, ray geometrical optics
Statement of responsibility, etc. V. N. Mahajan
260 ## - PUBLICATION, DISTRIBUTION, ETC.
Place of publication, distribution, etc. USA
Name of publisher, distributor, etc. The International Society for Optical Engineering
Date of publication, distribution, etc. 1998
300 ## - PHYSICAL DESCRIPTION
Extent xxiii, 469p.
490 ## - SERIES STATEMENT
Series statement SPIE v. PM45
650 ## - SUBJECT ADDED ENTRY--TOPICAL TERM
Topical term or geographic name entry element Optics, Geometrical optics
9 (RLIN) 21555
942 ## - ADDED ENTRY ELEMENTS (KOHA)
Koha item type Books
Holdings
Withdrawn status Lost status Damaged status Not for loan Home library Current library Shelving location Date acquired Source of acquisition Cost, normal purchase price Total Checkouts Total Renewals Full call number Barcode Date last seen Date last checked out Cost, replacement price Price effective from Koha item type Purchase Price
        IIA Library-Bangalore IIA Library-Bangalore General Stacks 14/09/1998 SPIE 1000.00 3 7 535.31/ MAH 13590 26/05/2026 18/03/2025 1000.00 14/09/1998 Books Rs. 1000.00

Powered by Koha